| 000 | 00983nam a2200241 i 4500 | ||
|---|---|---|---|
| 001 | 88524 | ||
| 003 | ES-MaACL | ||
| 005 | 20230906175857.0 | ||
| 007 | t| | ||
| 008 | 050104s1949 sp ||||1| spa d | ||
| 100 | 1 |
_aLama Ruiz-Escajadillo, Arturo de la. _969755 |
|
| 245 | 1 | 0 |
_aAnimales silvestres útiles de la fauna montañesa / _cpor Arturo de la Lama Ruiz-Escajadillo ; prólogo de Tomás Maza Solano. |
| 260 |
_aSantander : _bCantabria, _c[1949] |
||
| 300 |
_a326 p., 3 lám. : _bil. ; _c17 cm. |
||
| 490 | 1 |
_aManuales del Centro de Estudios Montañeses ; _v2 |
|
| 500 | _aPrecede al tít.: Diputación Provincial de Santander. Centro de Estudios Montañeses. | ||
| 700 | 1 |
_aMaza Solano, Tomás. _979455 |
|
| 710 | 1 |
_aSantander (Provincia). _bDiputación Provincial. _96500 |
|
| 710 | 2 |
_aCentro de Estudios Montañeses. _92659 |
|
| 830 | 0 |
_aManuales del Centro de Estudios Montañeses ; _v2 _9231835 |
|
| 852 |
_aES-MaACL _jB-12948 _bR.28850 |
||
| 999 |
_c88524 _d88524 |
||